| 000 | 00753nam a22002177a 4500 | ||
|---|---|---|---|
| 999 |
_c6500 _d6500 |
||
| 003 | OSt | ||
| 005 | 20200212132200.0 | ||
| 008 | 200212t2010 ck a|||ar|||| 00| 1 spa d | ||
| 020 | _a9789583034640 | ||
| 040 |
_aCO-JMCR _cCO-JMCR |
||
| 041 | 1 |
_aspa _heng |
|
| 082 |
_aA / _bPUEp |
||
| 245 | 0 | 0 | _aPuedo contar |
| 260 |
_aBogotá : _bPanamericana, _c©2010 |
||
| 300 |
_a[12] páginas : _bprincipalmente ilustraciones a color ; _c27 cm. |
||
| 500 | _aTítulo original: I can count | ||
| 520 | _aAprende a contar de uno a diez en tres sencillas etapas. Cada página es una pizarra de tiza líquida en la que podrás ir practicando hasta que aprendas los números. | ||
| 546 | _aTraducido del inglés | ||
| 650 | 1 | 4 |
_aLibro albúm _9495 |
| 942 |
_2ddc _cBK |
||